Score 0/10 Timer 04:00
0 Plays Today
Fact Answer % Correct
Along with Tenzing Norgay, New Zealander _______ Hillary became the first person to climb Mount Everest in 1953.Edmund
86.2%
Directly opposing the National Party, the ______ Party is a more liberal major political party in New Zealand that mirrors its British counterpart.Labour
79.3%
New Zealand's rugby team, known as the ___ ______, are considered one of the best in the world and won the Rugby World Cup in 2015 and 2011.All Blacks
78.8%
Named after the British Admiral, ______ is the 12th largest city in New Zealand and a center of culture and arts.Nelson
67.8%
Because of its diverse ecosystems and government incentives, New Zealand has been the filming locale for blockbusters such as the Lord of the Rings series and ______.Avatar
60.9%
Sailing on the ship HMS _________, James Cook famously mapped New Zealand a century after its discovery.Endeavour
55.3%
First sighted by Abel Tasman, the country was named for the Dutch province of _______.Zeeland
50.9%
Founded by mainly Scottish immigrants, _______ was named after the capital of Scotland and is still influenced by that culture to this day.Dunedin
48.1%
Previously ruled by Maori chiefs, in 1840 the Treaty of ________ gave the British sovereignty over the islands.Waitangi
37.6%
Commonly known as 'The Rock', ____ is a self-governing state who diplomatically associates with New Zealand in most forums.Niue
24.5%

Today's Daily Dose

Word Ladder
Athletics

Remove Ads.
Support Sporcle.
Get the best of Sporcle when you Go Orange. This ad-free experience offers more features, more stats, and more fun while also helping to support Sporcle. Thank you for becoming a member.

You're not logged in!

Compare scores with friends on all Sporcle quizzes.
OR
Log In

Show Comments

Extras

Top Quizzes Today


Score Distribution

Your Account Isn't Verified!

In order to create a playlist on Sporcle, you need to verify the email address you used during registration. Go to your Sporcle Settings to finish the process.

Report this User

Report this user for behavior that violates our Community Guidelines.

Details: